000 00531nam a22001817a 4500
005 20251108164801.0
008 250721s9999 xx 000 0 ara d
082 1 4 _aط/ق/حسي
100 1 _aحسين، محمد سعيد
245 1 0 _aاختيار الاصدقاء /
264 1 _aالقاهرة :
_bالفرسان 2000،
300 _a16ص.
650 1 7 _aالقصص العربيه
650 1 7 _aادب الاطفال
653 _aاطفال مرحله متوسطه (6-9)سنوات
942 _2ddc
_cBK
999 _c14254
_d14254